Proceedings of the 2012 Extreme Modeling Workshop

التفاصيل البيبلوغرافية
مؤلفون آخرون: Di Ruscio
التنسيق: الكتروني كتاب
اللغة:English
منشور في: Association for Computing Machinery (ACM), 10/1/12
الموضوعات:
الوصول للمادة أونلاين:Full text available on Research4Life (ACM)
Classic Catalogue: View this record in Classic Catalogue
LEADER 00846cam a2200181 a 4500
001 AALConferenceProceedingsResearch4Life(ACM)003239
008 240908c9999 xx r poo 0 0eng d
020 |a 9781450318044 
040 |a BD-DhAAL  |c BD-DhAAL 
245 0 0 |h [electronic resource]  |a Proceedings of the 2012 Extreme Modeling Workshop 
260 1 |b Association for Computing Machinery (ACM),  |c 10/1/12 
300 |a 1 online resource 
500 |a <strong>On-Campus Access Only (IP based access)</strong> 
506 |a Electronic access restricted to authorized BRAC University faculty, staff and students 
538 |a Mode of access: Internet 
655 7 |a Conference papers and proceedings.  |2 Library of Congress 
700 1 |a Di Ruscio 
856 4 0 |z Full text available on Research4Life (ACM)  |u https://login.research4life.org/tacsgr1dl_acm_org/doi/book/10.1145/2467307